000 00794nam a2200217Ii 4500
003 JO-AjNU
008 230605s9999||||xx |||||||||||||| ||und||
017 _a1995/9/694
040 _aJO-AjNU
_bara
_erda
_cJO-AjNU
041 _aara
050 1 4 _aQC125.2.y 1995
100 3 _aمحمود ، يوسف، م .مشارك: نصر صالح ، خليل وشاح ,
_eauthor
_937798
245 0 0 _aاساسيات الفيزياء الجامعيه الميكانيكا والحرارة
250 _aط1
264 3 1 _aعمان:دار المناهج ، 1995
300 _a367ص
336 _atext
_btxt
_2rdacontent
337 _aunmediated
_bn
_2rdamedia
338 _avolume
_bnc
_2rdacarrier
650 4 _aالفيزياء-تعلم وتعليم-الميكانيكا -تعلم وتعليم
_937799
999 _aA15826
_c19394
_d19394